[Event "TUR Cup"]
[Site "Denizli"]
[Date "2023.07.19"]
[Round "5"]
[White "Kutdemir, Mehmet"]
[Black "Akdogan, Dogan"]
[Result "1-0"]
[WhiteElo "1415"]
[BlackElo "1497"]
[PlyCount "105"]
[EventDate "2023.07.16"]
[EventType "team-tourn"]
[EventRounds "9"]
[EventCountry "TUR"]
[SourceTitle "CBM 215 Extra"]
[Source "ChessBase"]
[SourceDate "2023.09.30"]
[SourceVersion "1"]
[SourceVersionDate "2023.09.30"]
[SourceQuality "1"]

1. d4 d5 2. Nf3 Nc6 3. Bf4 Bf5 4. c3 Nf6 5. e3 a6 6. Bd3 Bxd3 7. Qxd3 e6 8. Nbd2 Bd6 9. Bg3 Qe7 10. e4 dxe4 11. Nxe4 Nxe4 12. Qxe4 Rc8 13. Rd1 0-0 14. 0-0 Rfe8 15. Rfe1 Bxg3 16. hxg3 h6 17. Qg4 f5 18. Qf4 Qd6 19. Qxd6 cxd6 20. d5 exd5 21. Rxd5 Rxe1+ 22. Nxe1 Kf7 23. Rxd6 Ke7 24. Rd2 Na5 25. Nf3 g6 26. Re2+ Kf7 27. Nd4 Nc4 28. b3 Nd6 29. Re6 Nb5 30. Rb6 Nxc3 31. Rxb7+ Kf6 32. Rb6+ Kf7 33. Rxa6 Ne4 34. Kf1 Rd8 35. Ra4 Nc3 36. Rc4 Ne4 37. Ke2 Ra8 38. a4 Re8 39. Rc6 Nxg3+ 40. Kd3 Ne4 41. f3 Nf2+ 42. Kc4 Nd1 43. g3 Ne3+ 44. Kc5 Re5+ 45. Kd6 Rd5+ 46. Kc7 Rxd4 47. a5 Nd5+ 48. Kb7 Rb4+ 49. Ka8 Rxb3 50. a6 Rb6 51. Rxb6 Nxb6+ 52. Kb7 f4 53. gxf4 1-0